000
00332pab a2200145 454500
008
180718b1997 xxu||||| |||| 00| 0 eng d
100
_a
Patel, A.R.
245
_a
Land reforms: areas of serious concern
260
_c
1997
300
_a
p.5-6
362
_a
July
650
_a
Land reform
773
_a
Kurukshetra
909
_a
34660
999
_c
34660
_d
34660